[Event "SR 2. liga A 2007/2008"]
[Site "?"]
[Date "2007.11.03"]
[Round "3.3"]
[White "Hartl, Jan"]
[Black "Matulik, Daniel"]
[Result "1/2-1/2"]
[WhiteElo "2186"]
[BlackElo "2163"]
[PlyCount "37"]
[EventDate "2007.??.??"]
[TimeControl "240+2"]

{74MB, Hiarcs10.ctg} 1. e4 c6 2. d4 d5 3. exd5 cxd5 4. c4 Nf6 5. Nc3 Nc6 6. Nf3
e6 7. Bd3 Be7 8. O-O O-O 9. Re1 dxc4 10. Bxc4 Na5 11. Bd3 b6 12. Ne5 Bb7 13.
Be3 Rc8 14. Rc1 Nc6 15. a3 g6 16. Bb1 Nxe5 17. dxe5 Qxd1 18. Rexd1 Nd5 19. Nxd5
1/2-1/2

[Event "SR 2. liga A 2007/2008"]
[Site "?"]
[Date "2007.11.03"]
[Round "3.3"]
[White "Hertel, Ondrej"]
[Black "Kleman, Miroslav"]
[Result "0-1"]
[WhiteElo "2051"]
[BlackElo "2097"]
[PlyCount "74"]
[EventDate "2007.??.??"]

1. d4 Nf6 2. c4 d6 3. Nc3 Nbd7 4. e4 e5 5. d5 Be7 6. f3 O-O 7. Be3 h6 8. Qd2
Nh7 9. g4 Bh4+ 10. Kd1 Bg5 11. h4 Bxe3 12. Qxe3 a5 13. Nge2 Nc5 14. Ng3 c6 15.
Be2 Bd7 16. Kc2 cxd5 17. Nxd5 Rc8 18. Rag1 b5 19. Nf5 Bxf5 20. gxf5 Kh8 21. Kb1
b4 22. Rg2 Nf6 23. Nxf6 Qxf6 24. Qg5 Kh7 25. Qg4 g6 26. fxg6+ fxg6 27. Rhg1 Rg8
28. Qh3 Rc7 29. Rg4 Ne6 30. Rd1 Nd4 31. Rxd4 exd4 32. Bd3 Rf7 33. f4 h5 34. Rg5
Qxf4 35. Qe6 Rf6 36. Qe7+ Rg7 37. Qd8 Qd2 0-1

[Event "SR 2. liga A 2007/2008"]
[Site "?"]
[Date "2007.11.03"]
[Round "3.3"]
[White "Petenyi, Tamas"]
[Black "Horvath, Mario"]
[Result "1-0"]
[WhiteElo "2196"]
[BlackElo "2283"]
[PlyCount "83"]
[EventDate "2007.??.??"]

1. e4 c5 2. Nf3 d6 3. d4 cxd4 4. Nxd4 Nf6 5. Nc3 g6 6. Be3 Bg7 7. f3 O-O 8. Qd2
Nc6 9. Bc4 Bd7 10. O-O-O Qa5 11. Bb3 Rfc8 12. Kb1 Ne5 13. h4 b5 14. h5 Nxh5 15.
g4 Nf6 16. Bh6 Bxh6 17. Qxh6 Rxc3 18. bxc3 Nc4 19. Bxc4 bxc4 20. Qe3 Qe5 21.
Rhe1 Qg3 22. Ne2 Qe5 23. Nd4 Qg3 24. g5 Nh5 25. e5 Ng7 26. exd6 exd6 27. f4
Qxe3 28. Rxe3 Kf8 29. Rh1 Kg8 30. Re7 Rd8 31. Kc1 Nh5 32. Rf1 Kf8 33. Re3 Rc8
34. f5 Rc5 35. fxg6 hxg6 36. Ref3 Be8 37. Ne6+ Kg8 38. Nxc5 dxc5 39. Re3 Bd7
40. Re7 Be6 41. Rxa7 Ng3 42. Re1 1-0

[Event "SR 2. liga A 2007/2008"]
[Site "?"]
[Date "2007.11.03"]
[Round "3.3"]
[White "Polasek, Filip"]
[Black "Kubon, Kamil"]
[Result "0-1"]
[WhiteElo "2102"]
[BlackElo "2053"]
[PlyCount "70"]
[EventDate "2007.??.??"]

1. e4 e6 2. d4 d5 3. e5 c5 4. c3 Nc6 5. Be3 Qb6 6. Qd2 c4 7. Nf3 Bd7 8. Qc2 Qc7
9. Nbd2 f6 10. exf6 Nxf6 11. h3 Bd6 12. O-O-O O-O-O 13. g4 Rdf8 14. Bg2 Qa5 15.
Kb1 b5 16. b4 Qc7 17. a3 a5 18. Kb2 Be8 19. Nh4 Nd7 20. Ndf3 Nb6 21. Rb1 Na4+
22. Kc1 axb4 23. axb4 h6 24. Kd2 Rf6 25. Ra1 g5 26. Rxa4 bxa4 27. Qxa4 gxh4 28.
Ra1 Nb8 29. b5 Rhf8 30. Ke2 Bf4 31. Bxf4 Rxf4 32. Ne5 Rxf2+ 33. Ke3 Rxg2 34. b6
Qxb6 35. Qa3 Rff2 0-1

[Event "SR 2. liga A 2007/2008"]
[Site "?"]
[Date "2007.11.03"]
[Round "3.4"]
[White "Blatnicky, Miroslav"]
[Black "Janos, Ivan"]
[Result "1-0"]
[WhiteElo "2135"]
[BlackElo "2120"]
[PlyCount "87"]
[EventDate "2007.??.??"]
[TimeControl "240+2"]

{74MB, Hiarcs10.ctg} 1. e4 c5 2. Nf3 e6 3. d4 cxd4 4. Nxd4 Nc6 5. Nc3 Qc7 6.
Be3 a6 7. f4 b5 8. Nxc6 Qxc6 9. Bd3 Bb7 10. Qe2 b4 11. Nd1 Nf6 12. e5 Ne4 13.
Qf3 Rc8 14. O-O g6 15. Rc1 d5 16. exd6 Bxd6 17. c3 Qd5 18. Bxe4 Qxe4 19. Qxe4
Bxe4 20. Nf2 Bd5 21. cxb4 Kd7 22. a3 Bc4 23. Rfd1 Bb3 24. Rd3 Rxc1+ 25. Bxc1
Rc8 26. Rc3 Bc2 27. Be3 e5 28. Bc5 Bf5 29. g4 Bb1 30. Rc1 Bxc5 31. bxc5 Ba2 32.
fxe5 Ke6 33. Nd3 Bd5 34. b4 Be4 35. Rd1 Bf3 36. Rf1 Bxg4 37. Rf6+ Kd5 38. Rxa6
Bf5 39. Rd6+ Kc4 40. Ne1 Ra8 41. Rf6 Rxa3 42. Rxf7 Kxb4 43. Rxf5 Kxc5 44. Rf3
1-0

[Event "SR 2. liga A 2007/2008"]
[Site "?"]
[Date "2007.11.03"]
[Round "3.4"]
[White "Janko, Ladislav"]
[Black "Csiba, Dominik"]
[Result "1-0"]
[WhiteElo "2195"]
[BlackElo "2111"]
[PlyCount "83"]
[EventDate "2007.??.??"]

1. e4 c5 2. Nf3 Nc6 3. d4 cxd4 4. Nxd4 Nf6 5. Nc3 e5 6. Ndb5 d6 7. a4 a6 8. Na3
Be7 9. Be3 Be6 10. Nc4 Bxc4 11. Bxc4 O-O 12. O-O Na5 13. Ba2 Rc8 14. Qe2 Qc7
15. Rad1 Nc4 16. Bc1 Qc5 17. Nd5 Nxd5 18. Rxd5 Qc6 19. a5 Bd8 20. Rfd1 Nxa5 21.
Rxd6 Qa4 22. Qg4 Qxa2 23. Qxc8 Be7 24. Rd8 Qb1 25. Rxf8+ Bxf8 26. Rf1 Nc6 27.
c3 Qxe4 28. Qxb7 Qc4 29. Be3 Ne7 30. Qb8 e4 31. Bd4 Ng6 32. f3 exf3 33. Rxf3 h6
34. b3 Qd5 35. b4 Nh4 36. Rf2 Ng6 37. Bc5 Qd3 38. Qe8 f6 39. h4 h5 40. Re2 Qg3
41. Bxf8 Nxf8 42. Re7 1-0

[Event "SR 2. liga A 2007/2008"]
[Site "?"]
[Date "2007.11.03"]
[Round "3.4"]
[White "Pasko, Peter"]
[Black "Hecko, Dusan"]
[Result "1-0"]
[WhiteElo "2086"]
[BlackElo "2123"]
[Annotator "Fritz 9 (20s)"]
[PlyCount "67"]
[EventDate "2007.??.??"]

{B15: Caro-Kann: 3 Nc3: 3...g6 and 3...dxe4 4 Nxe4 Nf6 5 Nxf6+ exf6} 1. e4 g6
2. Nf3 Bg7 3. d4 c6 4. h3 d5 5. Nbd2 dxe4 6. Nxe4 Nd7 7. Bd3 Ngf6 8. Nxf6+ Nxf6
9. Ne5 $2 (9. O-O $142 $14) 9... Qxd4 $17 10. Qe2 O-O 11. c3 Qd8 12. Bg5 Nd5
$17 13. Ng4 $2 Be6 $4 (13... Nxc3 $142 14. Qf3 Qd5 15. Qxd5 Nxd5 $19) 14. Nh6+
Kh8 15. O-O Qd6 16. Rad1 Nf4 17. Qe4 Nxd3 $19 18. Rxd3 Qc7 (18... Qc5 19. Qe3
Qxe3 20. Rxe3 $19) 19. Qh4 Rae8 (19... f6 $142 $5 20. Be3 g5 $19) 20. Re3 b5
21. Rfe1 $15 a5 22. a3 c5 23. Ng4 b4 24. axb4 cxb4 25. Bh6 (25. cxb4 axb4 26.
Ne5 Bd5 $11) 25... Bxh6 26. Nxh6 Kg7 27. Ng4 (27. Qd4+ $142 $5 {
si zasluzilo pozornost} Kxh6 28. Re4 $11 f6 29. Rxe6 bxc3 30. bxc3 Rf7) 27...
bxc3 $15 28. Rxc3 Qb6 29. Rc2 Qb4 30. Qh6+ Kg8 31. Rce2 Bxg4 32. hxg4 Qxg4 $2 (
32... e6 $5 $17) 33. Re4 $11 Qd7 $4 {hruba chyba okamzite prehrava} (33... Qf5
34. Rf4 Qh5 35. Qxh5 gxh5 36. Ra4) 34. Rh4 1-0

[Event "SR 2. liga A 2007/2008"]
[Site "?"]
[Date "2007.11.03"]
[Round "3.4"]
[White "Polacik, Igor"]
[Black "Gajarsky, Roman"]
[Result "1-0"]
[WhiteElo "2130"]
[BlackElo "1981"]
[PlyCount "103"]
[EventDate "2007.??.??"]

1. e4 e5 2. Bc4 Nf6 3. Nc3 Nc6 4. d3 h6 5. Nge2 Bc5 6. O-O d6 7. Be3 Nd4 8.
Bxd4 exd4 9. Nb1 Be6 10. Nd2 Bxc4 11. Nxc4 b5 12. Nd2 Bb6 13. a4 bxa4 14. Rxa4
c5 15. Ng3 Qd7 16. b3 O-O 17. Nh5 Qe6 18. Nc4 Rad8 19. Nxf6+ Qxf6 20. Qh5 Qe6
21. Qd5 Rfe8 22. Raa1 Qxd5 23. exd5 Re2 24. Rac1 Bc7 25. Rfe1 Rde8 26. Rxe2
Rxe2 27. Kf1 Re8 28. Ra1 a5 29. Re1 Kf8 30. Rxe8+ Kxe8 31. Ke2 Kd7 32. Kd2 Kc8
33. Kc1 Kb7 34. Kb2 Ka6 35. Ka3 Kb5 36. g4 g6 37. Nd2 Bd8 38. Ne4 Be7 39. f4 f6
40. h3 Kb6 41. Ka4 Ka6 42. Nd2 Bd8 43. Nc4 Bc7 44. h4 Kb7 45. Nxa5+ Kc8 46. f5
gxf5 47. gxf5 h5 48. Nc6 Kb7 49. Kb5 Bb6 50. Ne7 Bd8 51. Ng6 Kc7 52. Nf4 1-0

[Event "SR 2. liga A 2007/2008"]
[Site "?"]
[Date "2007.11.03"]
[Round "3.5"]
[White "Bebiak, Jozef"]
[Black "Nagy, Tomas"]
[Result "0-1"]
[WhiteElo "2152"]
[BlackElo "2183"]
[PlyCount "72"]
[EventDate "2007.??.??"]

1. e4 c5 2. c3 Nf6 3. e5 Nd5 4. d4 cxd4 5. cxd4 e6 6. Nc3 Nxc3 7. bxc3 Qc7 8.
Qb3 b6 9. Ba3 Bxa3 10. Qxa3 Bb7 11. Nf3 Nc6 12. Nd2 Na5 13. f3 O-O-O 14. Be2 d6
15. exd6 Qxd6 16. Qxd6 Rxd6 17. Ne4 Rd7 18. Bb5 Bc6 19. Bxc6 Nxc6 20. Rd1 Rhd8
21. f4 h6 22. Ke2 Rd5 23. Rd2 Ra5 24. Rhd1 Ra3 25. g4 Ne7 26. c4 Ng6 27. f5
exf5 28. gxf5 Re8 29. fxg6 Rxe4+ 30. Kf1 Rf4+ 31. Rf2 Rxf2+ 32. Kxf2 Rxa2+ 33.
Ke3 fxg6 34. h4 Rh2 35. Ke4 Rxh4+ 36. Ke5 Kd7 0-1

[Event "SR 2. liga A 2007/2008"]
[Site "?"]
[Date "2007.11.03"]
[Round "3.5"]
[White "Diviak, Rastislav"]
[Black "Cibicek, Jozef"]
[Result "1-0"]
[WhiteElo "2014"]
[BlackElo "1994"]
[PlyCount "135"]
[EventDate "2007.??.??"]

1. e4 c5 2. Nf3 d6 3. d4 cxd4 4. Nxd4 Nf6 5. Nc3 g6 6. Be3 Bg7 7. Be2 Nc6 8.
O-O O-O 9. Qd2 Bd7 10. f3 Ne5 11. Nd5 Nxd5 12. exd5 Rc8 13. b3 Be8 14. c4 Nd7
15. Rae1 a5 16. Bd3 Nc5 17. Bc2 e5 18. dxe6 fxe6 19. Bh6 Bxh6 20. Qxh6 Qf6 21.
Qd2 e5 22. Ne2 b5 23. Be4 bxc4 24. Bd5+ Bf7 25. bxc4 Bxd5 26. Qxd5+ Qe6 27. Rd1
Rfd8 28. Nc3 g5 29. Rb1 Qxd5 30. Nxd5 Kf7 31. Rb5 Rb8 32. Rfb1 Rxb5 33. Rxb5 a4
34. Kf2 Rd7 35. Nc3 Rc7 36. Ke3 Ke6 37. Rb4 Ra7 38. Rb6 h5 39. Nb5 Rb7 40.
Rxd6+ Ke7 41. Rh6 Rd7 42. Rxh5 Rd1 43. Rxg5 Kf6 44. Rg8 Rc1 45. Rc8 Ne6 46. Rc6
Ke7 47. Ke4 Re1+ 48. Kf5 Nd4+ 49. Nxd4 exd4 50. Rc5 Ra1 51. Ke4 Rxa2 52. g4 a3
53. Ra5 Ra1 54. Kxd4 a2 55. Kc5 Kd8 56. h4 Rf1 57. Rxa2 Rxf3 58. Rg2 Kc7 59. g5
Rf5+ 60. Kb4 Kd7 61. g6 Rf8 62. g7 Rb8+ 63. Kc3 Rg8 64. h5 Kc6 65. h6 Kc5 66.
h7 Re8 67. Rg5+ Kc6 68. g8=Q 1-0

[Event "SR 2. liga A 2007/2008"]
[Site "?"]
[Date "2007.11.03"]
[Round "3.5"]
[White "Peska, Juraj"]
[Black "Flak, Juraj"]
[Result "1/2-1/2"]
[WhiteElo "1966"]
[BlackElo "2035"]
[PlyCount "110"]
[EventDate "2007.??.??"]

1. c4 Nf6 2. Nc3 e6 3. g3 c5 4. Bg2 Nc6 5. d3 Be7 6. Nf3 O-O 7. O-O d5 8. cxd5
exd5 9. d4 Be6 10. dxc5 Bxc5 11. Bg5 Be7 12. Nd4 Qb6 13. Nxe6 fxe6 14. b3 Qa5
15. Na4 Ba3 16. Bd2 Bb4 17. Bxb4 Qxb4 18. e3 Ne5 19. Qd4 Qxd4 20. exd4 Ned7 21.
Rfe1 Rfe8 22. Rac1 Rac8 23. Rxc8 Rxc8 24. Bh3 Rc2 25. Rxe6 b5 26. Rd6 bxa4 27.
Bxd7 axb3 28. axb3 Rd2 29. Be6+ Kf8 30. Ra6 Rxd4 31. Rxa7 Re4 32. Bf5 Rb4 33.
Bc2 d4 34. Ra4 Rxa4 35. bxa4 Ke7 36. Kf1 Kd6 37. Ke2 h6 38. h3 Kc5 39. Kd3 Kd5
40. Bd1 Nd7 41. Bf3+ Kc5 42. Be2 Kd5 43. a5 Nc5+ 44. Kc2 Ke4 45. a6 Nxa6 46.
Bxa6 Kf3 47. Bd3 Kxf2 48. g4 Kg3 49. Bf5 Kxh3 50. g5+ Kg3 51. g6 Kf4 52. Bd3 h5
53. Kd2 h4 54. Bf1 Kf5 55. Bd3+ Kf4 1/2-1/2

[Event "SR 2. liga A 2007/2008"]
[Site "?"]
[Date "2007.11.03"]
[Round "3.5"]
[White "Syrovy, Ivan"]
[Black "Pusec, Pavel"]
[Result "1-0"]
[WhiteElo "2097"]
[BlackElo "2105"]
[PlyCount "91"]
[EventDate "2007.??.??"]
[TimeControl "240+2"]

{74MB, Hiarcs10.ctg} 1. e4 d6 2. d4 Nf6 3. Nc3 g6 4. f4 Bg7 5. Nf3 O-O 6. Bd3
Nc6 7. O-O Bg4 8. Be3 e5 9. fxe5 dxe5 10. d5 Nd4 11. Be2 Nxe2+ 12. Qxe2 Nd7 13.
h3 Bxf3 14. Rxf3 f5 15. Rd1 f4 16. Bf2 a6 17. Qc4 Kh8 18. a4 Bf6 19. d6 c6 20.
b4 Bh4 21. Bxh4 Qxh4 22. b5 axb5 23. axb5 Qd8 24. Kh2 Rc8 25. Qb3 Rf6 26. bxc6
bxc6 27. Na4 g5 28. c4 h5 29. c5 Rb8 30. Qc3 g4 31. Rff1 Rb5 32. Rc1 Qg8 33.
Rb1 Rxb1 34. Rxb1 f3 35. Nb6 g3+ 36. Kg1 Qa2 37. Qb2 Qxb2 38. Rxb2 f2+ 39. Kf1
Nxc5 40. Nc4 Nxe4 41. d7 Rf8 42. Nxe5 Ra8 43. d8=Q+ Rxd8 44. Nf7+ Kg7 45. Nxd8
c5 46. Re2 1-0

[Event "SR 2. liga A 2007/2008"]
[Site "?"]
[Date "2007.11.03"]
[Round "3.6"]
[White "Goga, Frantisek"]
[Black "Pericka, Tomas"]
[Result "0-1"]
[WhiteElo "1990"]
[BlackElo "1895"]
[PlyCount "94"]
[EventDate "2007.??.??"]

1. e4 c5 2. Nf3 Nc6 3. Bb5 g6 4. O-O Bg7 5. c3 Nf6 6. Re1 O-O 7. h3 Qc7 8. d3
a6 9. Ba4 b5 10. Bb3 Bb7 11. e5 Ne8 12. Bf4 e6 13. Bg3 Qb6 14. Nbd2 f6 15. a4
Nxe5 16. Nxe5 fxe5 17. c4 b4 18. Bxe5 Bxe5 19. Rxe5 Qd6 20. Re3 Qd4 21. Rb1 Nd6
22. Qe2 Nf5 23. Re5 Qf4 24. Re1 d6 25. Rxe6 Nd4 26. Qe3 Nxe6 27. Qxe6+ Qf7 28.
Bd1 Rae8 29. Qxf7+ Kxf7 30. Rxe8 Rxe8 31. Kf1 Bc6 32. b3 Kf6 33. Bg4 h5 34. Be2
Bxg2+ 35. Kxg2 Rxe2 36. Ne4+ Ke5 37. Kf3 Rb2 38. Ke3 Rxb3 39. f4+ Ke6 40. Ng5+
Ke7 41. Nf3 Ra3 42. Nh4 Kf6 43. Nf3 Rxa4 44. Nd2 Ra2 45. Ne4+ Ke7 46. Nd2 Rxd2
47. Kxd2 a5 0-1

[Event "SR 2. liga A 2007/2008"]
[Site "?"]
[Date "2007.11.03"]
[Round "3.6"]
[White "Nagy, Attilla"]
[Black "Lesny, Stefan"]
[Result "1-0"]
[WhiteElo "2184"]
[BlackElo "2114"]
[PlyCount "131"]
[EventDate "2007.??.??"]

1. d4 d5 2. Nf3 e6 3. Bf4 c6 4. e3 f5 5. Nbd2 Nf6 6. Bd3 Nbd7 7. O-O Be7 8. h3
Ne4 9. Ne5 O-O 10. f3 Ng5 11. c3 Nf7 12. Nxf7 Rxf7 13. e4 g5 14. Bg3 f4 15. Bf2
Nf8 16. Re1 Bf6 17. Qc2 Rg7 18. Re2 Bd7 19. Rae1 Rc8 20. Nb3 b6 21. Nc1 Rc7 22.
c4 Qc8 23. Qb3 dxe4 24. Bxe4 Kh8 25. Nd3 Qd8 26. Nb4 Rc8 27. d5 c5 28. dxe6
Nxe6 29. Nd5 Nd4 30. Bxd4 Bxd4+ 31. Kh2 Qf8 32. Bb1 Re8 33. Rxe8 Bxe8 34. Bf5
Bd7 35. Bxd7 Rxd7 36. Qb5 Qf7 37. Qc6 Kg7 38. b3 Be3 39. Nxe3 fxe3 40. Qe4 Re7
41. Qd5 Qf6 42. Re2 h6 43. g3 Qd4 44. Kg2 Kf6 45. Qg8 Qd3 46. Qf8+ Ke6 47. Kf1
Kd7 48. Qa8 Qd1+ 49. Re1 e2+ 50. Kf2 Qd4+ 51. Kg2 Qd2 52. Qxa7+ Ke8 53. Qa8+
Kd7 54. Qd5+ Qxd5 55. cxd5 Kd6 56. Kf2 Kxd5 57. Rxe2 Rf7 58. a4 Rf6 59. Re4 Rf8
60. h4 Rf6 61. hxg5 hxg5 62. Ke3 Rh6 63. Rg4 Rh5 64. f4 gxf4+ 65. Kxf4 Rh6 66.
Kf5 1-0

[Event "SR 2. liga A 2007/2008"]
[Site "?"]
[Date "2007.11.03"]
[Round "3.6"]
[White "Pobjecky, Ivan"]
[Black "Beles, Milan"]
[Result "0-1"]
[WhiteElo "2040"]
[BlackElo "2105"]
[PlyCount "86"]
[EventDate "2007.??.??"]
[TimeControl "240+2"]

{74MB, Hiarcs10.ctg} 1. e4 c5 2. Nf3 d6 3. d4 cxd4 4. Nxd4 Nf6 5. Nc3 e5 6. Nb3
Be6 7. Bg5 Be7 8. Be2 O-O 9. O-O Nxe4 10. Bxe7 Nxc3 11. Bxd8 Nxd1 12. Be7 Nxb2
13. Bxd6 Re8 14. Nc5 Bc4 15. Bxc4 Nxc4 16. Nxb7 Nc6 17. Rfd1 Re6 18. c3 a6 19.
Rab1 f6 20. Bb4 a5 21. Bc5 Rb8 22. Rd7 e4 23. Rbd1 N4e5 24. Nd8 $11 Nxd7 25.
Nxe6 Nxc5 26. Nxc5 Rb2 27. a4 f5 28. Rc1 Ne5 29. Kf1 Ng4 30. h3 Nxf2 31. c4 Nd3
32. Nxd3 exd3 33. Rd1 Rc2 34. Rxd3 Rxc4 35. Ra3 Kf7 36. Kf2 Kf6 37. Kf3 g5 38.
g3 h6 39. Ke3 Ke5 40. Kf3 Rb4 41. Ke3 Rc4 42. Kf3 Kd4 43. Ke2 Rc3 0-1

[Event "SR 2. liga A 2007/2008"]
[Site "?"]
[Date "2007.11.03"]
[Round "3.6"]
[White "Vrba, Michal"]
[Black "Kollarik, Gorazd"]
[Result "1/2-1/2"]
[WhiteElo "1970"]
[BlackElo "1972"]
[PlyCount "73"]
[EventDate "2007.??.??"]

1. e4 d5 2. exd5 Qxd5 3. Nc3 Qa5 4. d4 c6 5. Nf3 Bf5 6. Bc4 Nf6 7. O-O e6 8.
Bf4 Bb4 9. Ne2 O-O 10. c3 Be7 11. Ng3 Bg4 12. h3 Bxf3 13. Qxf3 Nbd7 14. b4 Qd8
15. Rfe1 Nd5 16. Bd2 Bg5 17. Rad1 Bxd2 18. Rxd2 Qf6 19. Qd3 Qg6 20. Ne4 N7f6
21. Nxf6+ Qxf6 22. a4 a6 23. Ba2 Rfc8 24. Bb1 g6 25. Re4 a5 26. bxa5 Rxa5 27.
c4 Ne7 28. Qb3 Rca8 29. Qxb7 Rxa4 30. Rb2 R4a7 31. Qb6 Qg5 32. Re3 Ra6 33. Qb7
R6a7 34. Qb6 Ra6 35. Qb7 R6a7 36. Qb6 Ra6 37. Qb7 1/2-1/2

[Event "SR 2. liga A 2007/2008"]
[Site "?"]
[Date "2007.11.03"]
[Round "3.7"]
[White "Hanzluvka, Peter"]
[Black "Priam, Stefan"]
[Result "1-0"]
[WhiteElo "2052"]
[BlackElo "1909"]
[PlyCount "149"]
[EventDate "2007.??.??"]

1. e4 d6 2. d4 g6 3. Nc3 Bg7 4. Be3 Nf6 5. Nf3 O-O 6. Be2 Nbd7 7. Qd2 Ng4 8.
Bf4 e5 9. dxe5 Ngxe5 10. Bh6 Nxf3+ 11. Bxf3 Ne5 12. Be2 Be6 13. Bxg7 Kxg7 14.
h4 h5 15. O-O-O a6 16. Qd4 Kh7 17. f3 b5 18. g4 hxg4 19. fxg4 Bxg4 20. Bxg4
Nxg4 21. Rdg1 Qf6 22. Qd2 Ne5 23. Nd5 Qd8 24. h5 g5 25. Qf2 f6 26. Qf5+ Kh6 27.
Rf1 Qd7 28. Qf2 Ng4 29. Qe2 Rae8 30. Qd3 Re5 31. Rhg1 c6 32. Nc3 Qe6 33. a3 a5
34. Ne2 f5 35. exf5 Rexf5 36. Rxf5 Rxf5 37. Nd4 Qe3+ 38. Qxe3 Nxe3 39. Nxf5+
Nxf5 40. Rf1 Ne3 41. Rf6+ Kxh5 42. Rxd6 g4 43. Re6 Nd5 44. Kd2 g3 45. Ke1 Kg4
46. Rxc6 Kf3 47. Kf1 Nf4 48. Rc3+ Kg4 49. Re3 Nh3 50. Rb3 Nf4 51. Re3 Kh3 52.
Kg1 Kg4 53. a4 b4 54. Re5 Nh3+ 55. Kg2 Nf4+ 56. Kg1 Nh3+ 57. Kf1 Kf3 58. Rf5+
Nf4 59. c4 bxc3 60. bxc3 g2+ 61. Kg1 Kg3 62. Rg5+ Kf3 63. Kh2 Kf2 64. c4 Ke3
65. Rxa5 Kd4 66. Rg5 Ne6 67. Rg4+ Kc5 68. a5 Nd8 69. Rg8 Nc6 70. Rc8 Kd6 71. a6
Kd7 72. Rxc6 Kxc6 73. c5 Kc7 74. Kxg2 Kb8 75. c6 1-0

[Event "SR 2. liga A 2007/2008"]
[Site "?"]
[Date "2007.11.03"]
[Round "3.7"]
[White "Obdrzalkova, Anita"]
[Black "Janko, Michal"]
[Result "1/2-1/2"]
[WhiteElo "2064"]
[BlackElo "2143"]
[PlyCount "96"]
[EventDate "2007.??.??"]

1. d4 d6 2. Nf3 Bg4 3. e3 Nd7 4. c4 g6 5. Nbd2 Bg7 6. h3 Bxf3 7. Nxf3 Ngf6 8.
Be2 O-O 9. O-O e5 10. b3 Re8 11. Bb2 e4 12. Ne1 c6 13. Qd2 a5 14. Nc2 d5 15.
Rfc1 Re6 16. Bc3 Bf8 17. a3 Bd6 18. c5 Bb8 19. Kf1 Qc7 20. Ke1 Qh2 21. Bf1 Nh5
22. g4 Rf6 23. f4 Qg3+ 24. Qf2 Qxf2+ 25. Kxf2 Ng7 26. b4 a4 27. b5 Re6 28. Bd2
h6 29. Rab1 Re7 30. Rb2 h5 31. Rcb1 hxg4 32. bxc6 bxc6 33. hxg4 f6 34. Nb4 Kf7
35. Na6 Ba7 36. Ba5 Ne6 37. Bb6 Nxb6 38. cxb6 Bb8 39. Nxb8 Rxb8 40. Rb4 g5 41.
f5 Nd8 42. Rxa4 Reb7 43. Ra7 Kf8 44. Rxb7 Nxb7 45. Rb4 Ra8 46. Rb3 Ke7 47. Ke1
Kd6 48. Kd2 c5 1/2-1/2

[Event "SR 2. liga A 2007/2008"]
[Site "?"]
[Date "2007.11.03"]
[Round "3.7"]
[White "Racik, Marek"]
[Black "Nagy, Edmund"]
[Result "1-0"]
[WhiteElo "1912"]
[BlackElo "1930"]
[PlyCount "69"]
[EventDate "2007.??.??"]

1. Nf3 Nf6 2. c4 d6 3. g3 g6 4. Bg2 Bg7 5. O-O O-O 6. d4 c5 7. e3 Nc6 8. Nc3
Rb8 9. b3 a6 10. Bb2 b5 11. cxb5 axb5 12. dxc5 dxc5 13. Nd2 Nb4 14. Rb1 Nd3 15.
Ba1 Qa5 16. Nde4 Rd8 17. Nxf6+ Bxf6 18. Nd5 Bxa1 19. Nxe7+ Kf8 20. Nc6 Qc7 21.
Rxa1 Bb7 22. Nxd8 Rxd8 23. Qe2 Ba6 24. Rfd1 b4 25. Qc2 Qe5 26. Bf1 Qe4 27. Bxd3
Bxd3 28. Qxc5+ Kg7 29. Rac1 Rd5 30. Qc7 Rf5 31. Qc6 Rd5 32. Rc5 Rxc5 33. Qxc5
Be2 34. Qd4+ Qxd4 35. Rxd4 1-0

[Event "SR 2. liga A 2007/2008"]
[Site "?"]
[Date "2007.11.03"]
[Round "3.7"]
[White "Zacik, Anton"]
[Black "Furjel, Andrej"]
[Result "1-0"]
[WhiteElo "2088"]
[BlackElo "2033"]
[PlyCount "67"]
[EventDate "2007.??.??"]
[TimeControl "240+2"]

{74MB, Hiarcs10.ctg} 1. e4 c5 2. Nf3 d6 3. d4 cxd4 4. Nxd4 Nf6 5. Nc3 a6 6. Be3
e6 7. f3 Nc6 8. Qd2 Qc7 9. g4 Be7 10. O-O-O Ne5 11. h4 Nc4 12. Bxc4 Qxc4 13.
Kb1 Rb8 14. Nb3 b5 15. Qh2 Qc7 16. Bg5 b4 17. Ne2 a5 18. Bxf6 gxf6 19. f4 Bb7
20. Ng3 a4 21. Nc1 a3 22. Qd2 d5 23. Rhe1 axb2 24. Kxb2 Rc8 25. g5 Qa5 26. e5
Qa3+ 27. Kb1 Qxg3 28. Ne2 Qa3 29. exf6 Ra8 30. Nc1 Bd6 31. Qe2 Ba6 32. Qh5 Bc4
33. Rxe6+ Kf8 34. Qh6+ 1-0

[Event "SR 2. liga A 2007/2008"]
[Site "?"]
[Date "2007.11.03"]
[Round "3.8"]
[White "Bincik, Pavol"]
[Black "Srna, Jan"]
[Result "1/2-1/2"]
[WhiteElo "1889"]
[BlackElo "2022"]
[PlyCount "35"]
[EventDate "2007.??.??"]
[TimeControl "240+2"]

{74MB, Hiarcs10.ctg} 1. d4 e6 2. c4 f5 3. g3 d5 4. Bg2 c6 5. cxd5 exd5 6. Nf3
Nf6 7. O-O Nbd7 8. Nc3 Ne4 9. Nh4 Ndf6 10. f3 Nd6 11. e4 fxe4 12. fxe4 dxe4 13.
Bxe4 Bg4 14. Bf3 Qd7 15. d5 c5 16. Bg5 Bxf3 17. Qxf3 Be7 18. Qe3 1/2-1/2

[Event "SR 2. liga A 2007/2008"]
[Site "?"]
[Date "2007.11.03"]
[Round "3.8"]
[White "Lukacovic, Miroslav"]
[Black "Peitl, Tomas"]
[Result "0-1"]
[WhiteElo "1983"]
[BlackElo "2031"]
[PlyCount "84"]
[EventDate "2007.??.??"]

1. d4 d5 2. Nf3 Nf6 3. Bg5 Bf5 4. e3 Nbd7 5. Nbd2 c5 6. c4 e6 7. Qb3 Be7 8. Bd3
Bxd3 9. Qxd3 O-O 10. O-O Rc8 11. b3 h6 12. Bh4 Re8 13. Rfd1 Qa5 14. Ne5 Nxe5
15. dxe5 Nd7 16. Bg3 Nb6 17. f4 Qa6 18. Qc2 Red8 19. Bf2 Na8 20. a4 Nc7 21. Nf3
Qc6 22. Rac1 Na6 23. Be1 Nb4 24. Bxb4 cxb4 25. Qe2 Bc5 26. Kf2 dxc4 27. Rxc4 b5
28. Nd4 Qb6 29. axb5 Bf8 30. Rdc1 Rc5 31. Rxc5 Bxc5 32. Qc4 Bxd4 33. exd4 Rxd4
34. Qc5 Rxf4+ 35. Ke3 Rf5 36. Ke4 Qb7+ 37. Qc6 Qe7 38. g3 Qg5 39. Qe8+ Kh7 40.
Rc8 Rxe5+ 41. Kd3 Qf5+ 42. Kd2 Qf2+ 0-1

[Event "SR 2. liga A 2007/2008"]
[Site "?"]
[Date "2007.11.03"]
[Round "3.8"]
[White "Michalko, Peter"]
[Black "Cajka, Tibor"]
[Result "1/2-1/2"]
[WhiteElo "1605"]
[BlackElo "1830"]
[PlyCount "109"]
[EventDate "2007.??.??"]

1. e4 e5 2. Nf3 Nc6 3. Bb5 a6 4. Ba4 Nf6 5. O-O b5 6. Bb3 Be7 7. Re1 O-O 8. c3
d6 9. h3 Na5 10. Bc2 c5 11. d4 Qc7 12. Nbd2 cxd4 13. cxd4 Bd7 14. Nf1 Nc6 15.
Be3 Nb4 16. Bb1 a5 17. a3 Na6 18. Bd3 Bd8 19. Ng3 Re8 20. Qe2 Qb7 21. Nh4 g6
22. Qf3 Nc7 23. Bg5 Kg7 24. Bxf6+ Bxf6 25. Nhf5+ Bxf5 26. dxe5 Bxe5 27. exf5
Qxf3 28. gxf3 Bxb2 29. Rxe8 Rxe8 30. Rb1 Bxa3 31. fxg6 hxg6 32. Bxb5 Rb8 33.
Bd3 Rxb1+ 34. Bxb1 Bc5 35. f4 f5 36. h4 Ne6 37. h5 Nd4 38. hxg6 Kxg6 39. Kf1
Bb4 40. Ne2 Nf3 41. Kg2 Nd2 42. Bc2 d5 43. Nd4 Ne4 44. Bb3 Bc3 45. Nf3 d4 46.
Bc2 Kf6 47. Nh4 Nd6 48. Kf3 Ke6 49. Ke2 Ne4 50. Nxf5 Nc5 51. Ng3 Kd5 52. f5 Kc4
53. Ne4 d3+ 54. Bxd3+ Nxd3 55. Nd6+ 1/2-1/2

[Event "SR 2. liga A 2007/2008"]
[Site "?"]
[Date "2007.11.03"]
[Round "3.8"]
[White "Trunkvalter, Lubos"]
[Black "Slamka, Michal"]
[Result "1/2-1/2"]
[WhiteElo "1877"]
[BlackElo "1703"]
[PlyCount "71"]
[EventDate "2007.??.??"]

1. c4 Nf6 2. Nc3 e6 3. d4 Bb4 4. a3 Bxc3+ 5. bxc3 b6 6. f3 h6 7. Bf4 Nh5 8. Qc1
f5 9. e3 Bb7 10. Bd3 Nxf4 11. exf4 Qf6 12. Ne2 Nc6 13. Rb1 O-O 14. O-O Kh8 15.
c5 Rab8 16. cxb6 axb6 17. Bb5 Rfd8 18. Qe3 Ra8 19. Bxc6 Bxc6 20. c4 Ra4 21. Rb4
Rda8 22. Rxa4 Rxa4 23. Rc1 Qf8 24. Rc3 Qd6 25. Qe5 Rxa3 26. Qxd6 Ra1+ 27. Kf2
cxd6 28. Ke3 Kg8 29. Rb3 Ra6 30. Nc3 Kf7 31. d5 exd5 32. cxd5 Ba4 33. Rb4 b5
34. g4 g6 35. h4 Ra8 36. Nxb5 1/2-1/2

[Event "SR 2. liga A 2007/2008"]
[Site "?"]
[Date "2007.11.04"]
[Round "4"]
[White "Bezuch, Martin"]
[Black "Tepper, Frantisek"]
[Result "1/2-1/2"]
[WhiteElo "2238"]
[BlackElo "2164"]
[PlyCount "89"]
[EventDate "2007.??.??"]

1. Nf3 Nf6 2. g3 d6 3. Bg2 e5 4. d3 Be7 5. O-O O-O 6. c3 c6 7. Nbd2 Nbd7 8. Qc2
Re8 9. e4 Qc7 10. b3 b6 11. Bb2 Nf8 12. d4 Ng6 13. Rfe1 Bd7 14. Rad1 h6 15. h3
Nh7 16. c4 Ng5 17. Kh2 Ne6 18. Nf1 c5 19. dxe5 dxe5 20. Nxe5 Nxe5 21. Bxe5 Qxe5
22. Rxd7 Nd4 23. Qd1 Qe6 24. Rd5 a5 25. Ne3 Bf8 26. Nf5 Nxf5 27. Rxf5 a4 28.
Rd5 axb3 29. axb3 Ra2 30. Re2 Rxe2 31. Qxe2 g5 32. f4 gxf4 33. gxf4 Bg7 34. Qd2
Bd4 35. e5 Qg6 36. Rd6 Qb1 37. Qe2 Re6 38. Qg4+ Kh7 39. Bd5 Rxe5 40. fxe5 Bxe5+
41. Kg2 Qc2+ 42. Kf1 Qd3+ 43. Kg2 Qd2+ 44. Kf1 Qd3+ 45. Kg2 1/2-1/2